Psychology / (Record no. 3929)
[ view plain ]
| 000 -LEADER | |
|---|---|
| fixed length control field | 01002cam a22001814a 4500 |
| 020 ## - INTERNATIONAL STANDARD BOOK NUMBER | |
| ISBN | 0131839594 (alk. paper) |
| 022 ## - INTERNATIONAL STANDARD SERIAL NUMBER | |
| ISSN | 9780131839595 |
| 050 00 - CALL NUMBER | |
| Classification number | BF121 |
| Item number | .C52 |
| 100 1# - AUTHOR | |
| Personal name | Ciccarelli, Saundra K. |
| 245 10 - TITLE | |
| Title | Psychology / |
| Statement of responsibility, etc | Saundra K. Ciccarelli, Glenn E. Meyer. |
| 260 ## - PUBLICATION INFORMATION | |
| Place of publication | Upper Saddle River, N.J. : |
| Name of publisher | Pearson Prentice Hall, |
| Year of publication | c2006. |
| 300 ## - DESCRIPTION | |
| Number of Pages | xxxvii, 13, 597, [134] p. : |
| Other physical details | ill. (chiefly col.) ; |
| Dimensions | 28 cm. |
| 500 ## - NOTES | |
| General note | Includes bibliographical references and index |
| 505 ## - FORMATTED CONTENTS NOTE | |
| Table of Content | The Science of psychology --<br/>The Biological perspectives --<br/>Sensation and perception --<br/>Consciousness: sleep, dreams, hypnosis, and drugs --<br/>Learning --<br/>Memory --<br/>Development across the life span --<br/>Cognition: thinking, intelligence, and language --<br/>Motivation and emotion --<br/>Sexuality and gender --<br/>Stress and health --<br/>Theories of personality --<br/>Social psychology --<br/>Psychological disorders --<br/>Psychological therapies. |
| 650 00 - SUBJECTS | |
| Topical Term | Psychology. |
| 700 1# - OTHER AUTHORS | |
| Personal name | Meyer, Glenn E. |
| 942 ## - ADDED ENTRY ELEMENTS (KOHA) | |
| Koha item type | Books |
| Withdrawn status | Lost status | Collection code | Home library | Current library | Shelving location | Date acquired | Full call number | Accession Number | Koha item type |
|---|---|---|---|---|---|---|---|---|---|
| Reference | Methodist University Library Main | Methodist University Library Main | General Stacks | 08/01/2009 | BF121 .C52 | 19336 | Books | ||
| Methodist University Library Main | Methodist University Library Main | General Stacks | 08/01/2009 | BF121 .C52 | 39826 | Books | |||
| Methodist University Library Main | Methodist University Library Main | General Stacks | 08/01/2009 | BF121 .C52 | 39824 | Books | |||
| Methodist University Library Main | Methodist University Library Main | General Stacks | 08/01/2009 | BF121 .C52 | 39825 | Books |